Brigitte Bardot - Vrai - Faux - Statistiques

Statistiques générales
  • Ce quiz a été pris 98 fois
  • Le résultat moyen est 24 sur 50
Statistiques - réponses
Question Réponse % Correct
Brigitte Bardot est née à Paris en 1934 VRAI
92%
Son vrai nom est Anne-Marie Violet FAUX
89%
Elle se marie pour la première fois en 1952, avec Roger Vadim VRAI
84%
Elle devient l'actrice la mieux payée du cinéma français en 1958 VRAI
79%
Elle a une soeur prénommé Marie-Jeanne VRAI
74%
BB a chanté une chanson dont le titre est La Madrague VRAI
74%
En 1956, elle rencontre Marilyn Monroe et Elisabeth II VRAI
71%
Son premier combat pour la cause animale consiste à imposer l'usage du pistolet d'abattage dans les abattoirs français. Il lui faut 10 ans pour y parvenir. VRAI
71%
Elle enregistre Je t'aime... moi non plus avec Serge Gainsbourg VRAI
68%
Lors d'un sondage mondial réalisé en 2008n elle est désignée comme la deuxième plus belle femme, toutes générations confondues. VRAI
68%
Laetitia Casta a incarné Brigitte Bardot dans le film Gainsbourg (vie héroïque) VRAI
68%
Elle a joué dans Si Paris nous était conté de Sacha Guitry FAUX
66%
Avec Edouard Molinaro, elle tourne Une ravissante idiote, une comédie policière VRAI
63%
Elle refuse d'accorder les droit d'Initials BB à Madonna car la chanteuse porte de la fourrure VRAI
63%
Et Dieu... créa la femme qui fait beaucoup pour sa notoriété est un film de Jean-Luc Godard FAUX
61%
A Buzios, au Brésil, on peut voir une statue de Brigitte Bardot VRAI
61%
Elle a lancé la mode du tissu bayadère. FAUX
58%
Elle obtient son premier rôle dans Le trou normand de Jean Boyer VRAI
58%
Elle a refusé de jouer dans un film de James Bond VRAI
58%
Dans Don Juan 73, elle tourne une scène d'amour avec Jane Birkin VRAI
58%
Son père est passionné par le cinéma, il filme souvent sa famille... VRAI
55%
Dans La Vérité, BB a pour partenaires Sami Frey, Paul Meurisse, Louis Seigner et Charles Vanel VRAI
55%
En 1961, l'OAS a tenté sans succès d'obtenir 50000 franc en la menaçant. VRAI
55%
Louis Malle tourne avec BB en 1961 Vie privée, un film inspiré par la vie de l'actrice VRAI
53%
En 1968 sort Shalako, un western avec Sean Connery, BB tient le principal rôle féminin VRAI
53%
Louis Malle la fait tourner aux côtés de Catherine Deneuve dans Viva Maria ! FAUX
50%
Elle a refusé de jouer dans L'Affaire Thomas Crown aux côtés de Steve Mc Queen VRAI
47%
De son propre aveu, BB a eu dans sa vie 17 hommes. VRAI
47%
Dans le cadre de sa fondation, elle a été reçue par le pape Jean-Paul 1er et ke Dalaï Lama FAUX
45%
BB a épousé successivement Roger Vadim, Jacques Charrier, Sami Frey et Bernard d'Ormale FAUX
42%
Dans Babette s'en va en guerre, elle joue aux côtés de Francis Blanche VRAI
42%
Un astéroïde a été nommé en son honneur VRAI
42%
Lino Ventura est son partenaire dans Boulevard du Rhum en 1969 FAUX
39%
L'Histoire très bonne et très joyeuse de Colinot trousse-chemise est son dernier film VRAI
39%
Aux Etats-Unis, un journaliste lui demande ce qu'elle met pour dormir, elle répond du N°5 de Chanel FAUX
37%
BB tourne avec James Stewart dans Chère Brigitte en 1965 VRAI
37%
BB n'a joué qu'une fois au théâtre dans L'invitation au château de Jean Anouilh VRAI
37%
Le film Le Mépris a été tourné en Grèce VRAI
34%
En 1958, elle joue dans En cas de malheur avec Jean Gabin et Jeanne Moreau FAUX
32%
BB a tourné 50 films au long de sa carrière FAUX
32%
Elle a chanté Plaisir d'amour avec Guy Marchand lors d'une émission de télévision FAUX
29%
Elle apparait au festival de Cannes pour la dernière fois en 1969 FAUX
24%
Une madrague c'est une maison de pêcheur FAUX
21%
Elle tente de mettre fin à ses jours en 1960 à Saint-Tropez. FAUX
21%
Elle achète en 1960 une maison à Saint-Tropez nommée La Madrague FAUX
18%
BB fait la couverture de Elle en 1950 FAUX
16%
Elle est la grande vedette du festival de Cannes en 1957 FAUX
16%
BB a créé la Fondation Brigitte Bardot en 1982 FAUX
16%
Elle commence la danse classique à 5 ans FAUX
11%
Elle dénonce la chasse aux bébés phoques en 1978 FAUX
3%
Aucun quiz correspondant
Distribution des résultats
% des personnes avec chaque résultat
Percentile par nombre de réponses
Votre historique - résultats
Vous n’avez pas pris ce quiz